[Event "Offene Hessische Senioren Einzelmeisters"]
[Site "Bad Sooden- Allendorf"]
[Date "2013.04.28"]
[Round "9.67"]
[White "Fuhlrott, Heinz"]
[Black "Johannsen, Ingbert"]
[Result "0-1"]
[WhiteElo "1489"]
[BlackElo "1708"]
[PlyCount "102"]
[EventDate "2013.??.??"]
[WhiteTeam "MTV Fichte Winsen"]
[BlackTeam "SG Witten"]

1. d4 d5 2. Nf3 e6 3. c3 Nf6 4. Bg5 Be7 5. e3 Nbd7 6. Bd3 O-O 7. Nbd2 Re8 8.
Rc1 Nf8 9. Qc2 c6 10. Ne5 N6d7 11. Bf4 f6 12. Nef3 b5 13. h4 Nb6 14. b3 Bd6 15.
g3 Bb7 16. Ke2 a6 17. Bxd6 Qxd6 18. g4 Nbd7 19. g5 e5 20. dxe5 fxe5 21. Bxh7+
Nxh7 22. g6 Nhf8 23. h5 c5 24. Rcg1 e4 25. Nh4 Re5 26. h6 Rae8 27. hxg7 Kxg7
28. Ng2 Nxg6 29. Nf1 Ndf8 30. Nf4 Bc8 31. Kd1 Kf7 32. Nxg6 Nxg6 33. Rh7+ Kg8
34. Rhh1 Kg7 35. Qe2 Rh8 36. Ng3 Rxh1 37. Rxh1 Qd8 38. Qb2 c4 39. b4 Nh4 40.
Kd2 Qf6 41. Kc1 Nf3 42. Nh5+ Rxh5 43. Rxh5 Qf7 44. Rh1 Qg6 45. Rd1 Ne5 46. Qe2
Bg4 47. Rg1 Bxe2 48. Rxg6+ Kxg6 49. Kd2 Bd3 50. f4 exf3 51. e4 f2 0-1

[Event "Offene Hessische Senioren Einzelmeisters"]
[Site "Bad Sooden- Allendorf"]
[Date "2013.04.28"]
[Round "9.68"]
[White "Bendisch, Dr. Jürgen"]
[Black "Völler, Lothar"]
[Result "1-0"]
[WhiteElo "1701"]
[BlackElo "1524"]
[PlyCount "107"]
[EventDate "2013.??.??"]
[WhiteTeam "SV Hennef 1927 e.V."]
[BlackTeam "Dortmund"]

1. d4 g6 2. c4 Bg7 3. Nc3 c5 4. Nf3 Nc6 5. e3 b6 6. Be2 Bb7 7. d5 Ne5 8. Qc2 d6
9. b3 Nf6 10. Bb2 O-O 11. Rd1 Qc8 12. h3 Nfd7 13. Nxe5 Nxe5 14. f4 Nd7 15. O-O
f5 16. Bf3 Nf6 17. Rde1 a6 18. a4 Qc7 19. e4 Bc8 20. e5 Ne8 21. Nd1 Rb8 22. e6
b5 23. Bxg7 Nxg7 24. axb5 axb5 25. Ne3 bxc4 26. bxc4 Rb4 27. Rb1 Ba6 28. Ra1
Ra8 29. Rfb1 Ne8 30. Ra4 Rxb1+ 31. Qxb1 Bb7 32. Qb5 Nf6 33. Rxa8+ Bxa8 34. g4
Qb7 35. Qa4 Qb1+ 36. Kh2 Bb7 37. g5 Qb4 38. Qa7 Ne8 39. h4 Bc8 40. Qxe7 Qd2+
41. Ng2 Bxe6 42. Qxe8+ Kg7 43. Qxe6 Qf2 44. Qe7+ Kg8 45. Bd1 Qd4 46. Ba4 h6 47.
Bd7 hxg5 48. Be6+ Kh8 49. Qxg5 Kh7 50. Qe7+ Kh6 51. Qxd6 Qxc4 52. Qe5 Qd4 53.
d6 Qd3 54. Qh8# 1-0

[Event "Offene Hessische Senioren Einzelmeisters"]
[Site "Bad Sooden- Allendorf"]
[Date "2013.04.28"]
[Round "9.69"]
[White "Mewes, Hans-Dieter"]
[Black "Köhler, Marianne"]
[Result "1-0"]
[WhiteElo "1670"]
[BlackElo "1438"]
[Annotator ",Microsoft"]
[PlyCount "75"]
[EventDate "2013.??.??"]
[WhiteTeam "Stader SV"]
[BlackTeam "SG 2011 Sennewit"]

1. d4 Nf6 2. c4 c6 3. Nf3 d6 4. Nc3 g6 5. e4 Bg4 6. Be2 Bg7 7. O-O Bxf3 8. Bxf3
O-O 9. Be3 e5 10. Qd2 exd4 11. Bxd4 Ne8 12. Rad1 Bxd4 13. Qxd4 Qb6 14. Qd2 Na6
15. a3 Rd8 16. b4 Qc7 17. g3 Ng7 18. Bg2 Rfe8 19. Rfe1 f6 20. Qd3 Ne6 21. f4 b6
22. Bh3 Nf8 23. c5 b5 24. cxd6 Qb6+ 25. Kf1 Nd7 26. Qd4 Qxd4 27. Rxd4 Nab8 28.
Bxd7 Nxd7 29. Kf2 Kg7 30. g4 h6 31. h4 g5 32. hxg5 hxg5 33. fxg5 fxg5 34. e5
Rxe5 35. Ree4 Rxe4 36. Rxe4 Kf6 37. Re7 Kg6 38. Ne4 {Rest nicht rekonstruierbar
} 1-0

[Event "Offene Hessische Senioren Einzelmeisters"]
[Site "Bad Sooden- Allendorf"]
[Date "2013.04.28"]
[Round "9.70"]
[White "Brandt, Fred"]
[Black "Brueckner, Ewald"]
[Result "1-0"]
[WhiteElo "1652"]
[BlackElo "1526"]
[PlyCount "89"]
[EventDate "2013.??.??"]
[WhiteTeam "SV Königsjäger Süd-West e.V."]
[BlackTeam "1.Hainstädter SC 1950"]

1. d4 b6 2. e4 Bb7 3. Bd3 e6 4. Nf3 d6 5. O-O Nd7 6. Bf4 Be7 7. Nbd2 a6 8. e5
d5 9. Re1 c5 10. c3 b5 11. dxc5 Nxc5 12. Bc2 Bc6 13. Nd4 Bd7 14. Qg4 g6 15.
N2f3 Qb6 16. Ng5 Nh6 17. Qh3 Bxg5 18. Bxg5 Ng8 19. Qf3 Bc6 20. Be3 Qc7 21. Bg5
Nd7 22. a4 h6 23. Qh3 Nc5 24. axb5 axb5 25. Nxb5 Qb6 26. Nd6+ Kf8 27. Rxa8+
Bxa8 28. Qf3 f5 29. Be3 Qc7 30. Ra1 Bb7 31. Bxc5 Qxc5 32. Nxb7 Qc7 33. Nd6 Qd8
34. Qe3 Rh7 35. Ra7 Rxa7 36. Qxa7 Ne7 37. b4 g5 38. b5 Kg7 39. Bd3 Kg6 40. Qd4
Nc8 41. Nxc8 Qxc8 42. g3 g4 43. Bc2 Kh5 44. Qd1 Qe8 45. b6 1-0

[Event "Offene Hessische Senioren Einzelmeisters"]
[Site "Bad Sooden- Allendorf"]
[Date "2013.04.28"]
[Round "9.71"]
[White "Papenkordt, Karl-Hermann"]
[Black "Wauer, Klaus"]
[Result "1-0"]
[WhiteElo "1648"]
[BlackElo "1399"]
[PlyCount "67"]
[EventDate "2013.??.??"]
[WhiteTeam "SG Witten"]
[BlackTeam "SC 51 Nordhausen"]

1. c4 b6 2. Nc3 e6 3. d4 Bb7 4. e4 Bb4 5. f3 Bxc3+ 6. bxc3 c5 7. Bd3 Nc6 8. Ne2
Rc8 9. O-O Na5 10. d5 e5 11. f4 d6 12. Qe1 f6 13. Ng3 Rc7 14. fxe5 dxe5 15. Nf5
Bc8 16. Ne3 Nb7 17. Qh4 Rf7 18. Bd2 Nd6 19. a4 a5 20. Kh1 Bd7 21. g4 Ne7 22.
Bc2 Ng6 23. Qg3 Nf4 24. Rf2 h5 25. Nf5 Nxc4 26. Bxf4 Bxf5 27. gxf5 exf4 28.
Rxf4 Qc7 29. Bd3 Ne5 30. Bb5+ Ke7 31. Rh4 Qd8 32. Be2 Ng4 33. Bxg4 hxg4 34.
Rxh8 1-0

[Event "Offene Hessische Senioren Einzelmeisters"]
[Site "Bad Sooden- Allendorf"]
[Date "2013.04.28"]
[Round "9.72"]
[White "Otto, Klaus"]
[Black "Hartlaub, Marianne"]
[Result "1/2-1/2"]
[WhiteElo "1520"]
[BlackElo "1388"]
[Annotator ",Microsoft"]
[PlyCount "39"]
[EventDate "2013.??.??"]
[WhiteTeam "Thüringer SV Triebes"]
[BlackTeam "SK 1982 Klingenberg/Main"]

1. e4 d6 2. d4 Nf6 3. Nc3 c6 4. Be2 g6 5. Be3 Bg7 6. Qd2 O-O 7. Bh6 Bg4 8. f3
Be6 9. Bxg7 Kxg7 10. O-O-O b5 11. d5 cxd5 12. Bxb5 dxe4 13. fxe4 a6 14. Ba4 Qa5
15. Bb3 Bxb3 16. cxb3 Rc8 17. Kb1 Nc6 18. h3 Ne5 19. Qe3 Qc5 20. Rd4 {Rest
leider nicht zu rekonstruieren, nur eine Notation vorhanden} 1/2-1/2

[Event "Offene Hessische Senioren Einzelmeisters"]
[Site "Bad Sooden- Allendorf"]
[Date "2013.04.28"]
[Round "9.73"]
[White "Rüggeberg, Wilhelm"]
[Black "Graffenberger, Marianne"]
[Result "1-0"]
[WhiteElo "1641"]
[BlackElo "1229"]
[PlyCount "51"]
[EventDate "2013.??.??"]
[WhiteTeam "Sfr.Saarburg-Trier"]
[BlackTeam "Hamburger SK von 1830 eV"]

1. Nf3 d5 2. d4 Nf6 3. c4 c6 4. Nc3 Bf5 5. e3 h6 6. cxd5 cxd5 7. Be2 e6 8. O-O
Be7 9. Qa4+ Nbd7 10. Ne5 O-O 11. f4 Nb6 12. Qb3 Ne4 13. Nxe4 Bxe4 14. Bd2 Rb8
15. Ba5 Qe8 16. Bb5 Qd8 17. Nd7 f5 18. Bxb6 axb6 19. Nxb8 Qxb8 20. Rac1 Qd6 21.
Rc3 g5 22. g3 g4 23. Rfc1 Kf7 24. Rc7 Rb8 25. Rd7 Qb4 26. Qxb4 1-0

[Event "Offene Hessische Senioren Einzelmeisters"]
[Site "Bad Sooden- Allendorf"]
[Date "2013.04.28"]
[Round "9.74"]
[White "Fritsch, Wolfgang"]
[Black "Borkenhagen, Bernd"]
[Result "1-0"]
[WhiteElo "1613"]
[BlackElo "1340"]
[PlyCount "69"]
[EventDate "2013.??.??"]
[WhiteTeam "SV Empor Bad Langensalza"]
[BlackTeam "SK Rinteln"]

1. e4 e5 2. Nc3 d6 3. f4 exf4 4. Nf3 Be7 5. d4 Bg4 6. Bxf4 c6 7. Be2 Bxf3 8.
Bxf3 Nd7 9. Qd2 Ngf6 10. O-O-O O-O 11. e5 dxe5 12. dxe5 Nd5 13. Bxd5 cxd5 14.
Qxd5 Nb6 15. Qxb7 Qe8 16. Nd5 Nxd5 17. Rxd5 h6 18. Rhd1 Bg5 19. Bxg5 hxg5 20.
b3 Qb8 21. Qxb8 Rfxb8 22. e6 f6 23. e7 Kf7 24. Rd7 Ke8 25. Rc7 Rc8 26. Rd8+
Rxd8 27. exd8=Q+ Rxd8 28. Rxg7 Rd7 29. Rxd7 Kxd7 30. Kd2 Kd6 31. c4 f5 32. Kd3
a5 33. Kd4 f4 34. a4 g4 35. Ke4 1-0

[Event "Offene Hessische Senioren Einzelmeisters"]
[Site "Bad Sooden- Allendorf"]
[Date "2013.04.28"]
[Round "9.75"]
[White "Rehder, Frank"]
[Black "Schneider, Hans"]
[Result "1-0"]
[WhiteElo "1747"]
[BlackElo "1491"]
[PlyCount "51"]
[EventDate "2013.??.??"]
[WhiteTeam "SC Zugzwang 95 e.V."]
[BlackTeam "SV Schwarz-Weiß Oberha"]

1. d4 Nf6 2. Nf3 e6 3. b3 Be7 4. Bb2 O-O 5. e3 d5 6. Bd3 Nbd7 7. O-O Ne4 8. c4
f5 9. cxd5 exd5 10. Nc3 c6 11. Rc1 Bd6 12. a3 Qe7 13. b4 Nxc3 14. Rxc3 a6 15.
Rc2 h6 16. Re2 Nf6 17. g3 g5 18. Ne1 Bd7 19. Nc2 Ne4 20. f3 Nf6 21. Qe1 Rae8
22. Bc3 Qf7 23. Qf2 Qh5 24. Qg2 f4 25. g4 Qh4 26. Be1 1-0

[Event "Offene Hessische Senioren Einzelmeisters"]
[Site "Bad Sooden- Allendorf"]
[Date "2013.04.28"]
[Round "9.76"]
[White "Knaak, Hans"]
[Black "Becker, Günter"]
[Result "1-0"]
[WhiteElo "1463"]
[BlackElo "1674"]
[PlyCount "63"]
[EventDate "2013.??.??"]
[WhiteTeam "Forster SC 95"]
[BlackTeam "SC Steinbach"]

1. d4 c6 2. c4 d5 3. Nf3 g6 4. Nc3 Bg7 5. e3 Nh6 6. Be2 Bg4 7. cxd5 cxd5 8. O-O
e6 9. Bd2 O-O 10. h3 Bxf3 11. Bxf3 Nf5 12. Rc1 Nc6 13. a3 Nd6 14. b3 Rc8 15.
Na4 b6 16. Be2 Qe7 17. b4 b5 18. Nc5 e5 19. dxe5 Nxe5 20. Bc3 Ne4 21. Bxe5 Nxc5
22. Bxg7 Kxg7 23. Qd4+ Kg8 24. Rxc5 Rxc5 25. Qxc5 Qxc5 26. bxc5 a6 27. Bf3 Rc8
28. Rc1 a5 29. Bxd5 Kf8 30. g4 g5 31. c6 Ke7 32. Rb1 1-0

[Event "Offene Hessische Senioren Einzelmeisters"]
[Site "Bad Sooden- Allendorf"]
[Date "2013.04.28"]
[Round "9.77"]
[White "Kluge, Hans C"]
[Black "Janzen, Christian"]
[Result "1/2-1/2"]
[WhiteElo "1371"]
[BlackElo "1597"]
[Annotator ",Microsoft"]
[PlyCount "60"]
[EventDate "2013.??.??"]
[WhiteTeam "Bahn-SC Wuppertal"]
[BlackTeam "TSV Marienfelde 1890 e.V."]

1. d4 d5 2. Nf3 Nd7 3. e3 e6 4. Bd3 f5 5. Nbd2 Ngf6 6. O-O Bd6 7. b3 Ne4 8. Bb2
Ndf6 9. Ne5 Bxe5 10. dxe5 Ng4 11. Nf3 O-O 12. h3 Nh6 13. Nd2 Qg5 14. Nf3 Qe7
15. Nd2 Nxd2 16. Qxd2 Bd7 17. f4 c5 18. a4 Bc6 19. Qe2 b6 20. Qh5 Be8 21. Qf3
$11 Rc8 22. Qg3 Kh8 23. Be2 Rg8 24. Qf2 g5 25. g3 g4 26. h4 Bc6 27. Rfd1 Rgd8
28. Rd2 Ba8 29. Rad1 Qb7 30. Kh2 Nf7 1/2-1/2

[Event "Offene Hessische Senioren Einzelmeisters"]
[Site "Bad Sooden- Allendorf"]
[Date "2013.04.28"]
[Round "9.78"]
[White "Stratmann, Alois"]
[Black "Schiller, Hans"]
[Result "1/2-1/2"]
[WhiteElo "1366"]
[BlackElo "1586"]
[PlyCount "54"]
[EventDate "2013.??.??"]
[WhiteTeam "SV Ahlen 1954 e.V."]
[BlackTeam "SF Bad Lausick"]

1. c4 c6 2. Nc3 d5 3. cxd5 cxd5 4. Nf3 e6 5. d3 Nc6 6. g3 Be7 7. Bg2 Nf6 8. O-O
O-O 9. a3 d4 10. Nb1 e5 11. Nbd2 Be6 12. h3 Qd7 13. Kh2 Bd5 14. b3 h6 15. Ne1
Rad8 16. Qc2 Rc8 17. Qd1 Nh7 18. Nef3 f5 19. Nc4 e4 20. Nfe5 Nxe5 21. Nxe5 Qe6
22. Nc4 b5 23. Nd2 e3 24. Bxd5 Qxd5 25. fxe3 dxe3 26. Nf3 Bf6 27. Rb1 Rfe8
1/2-1/2

[Event "Offene Hessische Senioren Einzelmeisters"]
[Site "Bad Sooden- Allendorf"]
[Date "2013.04.28"]
[Round "9.79"]
[White "Schmieder, Wolfgang"]
[Black "Lübbecke, Gerd"]
[Result "1/2-1/2"]
[WhiteElo "1586"]
[BlackElo "1478"]
[Annotator ",Microsoft"]
[PlyCount "96"]
[EventDate "2013.??.??"]
[WhiteTeam "Kasseler SK 1876"]
[BlackTeam "SC Friedrichsthal"]

1. c4 Nf6 2. Nc3 e6 3. d4 d5 4. e3 Nbd7 5. c5 c6 6. Nf3 Be7 7. g3 O-O 8. Bg2 b6
9. cxb6 Qxb6 10. O-O c5 11. dxc5 Nxc5 12. Na4 Nxa4 13. Qxa4 Bd7 14. Qd1 Ne4 15.
Ne5 Bb5 $11 16. Bxe4 dxe4 17. Nd7 Bxd7 18. Qxd7 Bf6 19. Rb1 Rfd8 20. Qa4 Rd5
21. b3 Qa5 22. Qc6 Rad8 23. Bb2 Qxa2 24. Bxf6 gxf6 25. Qa4 Qxa4 26. bxa4 Rc8
27. Rb4 Rc2 28. Rxe4 f5 29. Rb4 Ra2 30. Rb5 Rdd2 31. Ra5 Rd7 32. Kg2 Kg7 33.
Kf3 Rb7 34. h3 Rb4 35. Rxa7 Rbxa4 36. Rxa4 Rxa4 37. Rd1 h5 38. Rd4 Ra8 39. Kf4
Kf6 40. Rc4 Ra2 41. Kf3 Rd2 42. Rc8 Kg7 43. Rc1 Ra2 44. Re1 Kf6 45. Re2 Ra3 46.
Rc2 Ra4 47. Rc8 Kg7 48. Rd8 Ra2 1/2-1/2

[Event "Offene Hessische Senioren Einzelmeisters"]
[Site "Bad Sooden- Allendorf"]
[Date "2013.04.28"]
[Round "9.81"]
[White "Richter, Stefan"]
[Black "Hopp, Dr. Barbara"]
[Result "1/2-1/2"]
[WhiteElo "1556"]
[BlackElo "1464"]
[PlyCount "99"]
[EventDate "2013.??.??"]
[WhiteTeam "SV Empor West Zwickau"]
[BlackTeam "SV Oberursel"]

1. e4 c5 2. Nf3 a6 3. Nc3 e6 4. d3 Be7 5. Be2 Nc6 6. a3 Bf6 7. Bd2 d6 8. O-O
Nge7 9. Rb1 b5 10. Na2 O-O 11. c3 Ng6 12. Qc1 Bb7 13. h3 Nge5 14. Nxe5 Nxe5 15.
f4 Nd7 16. Bf3 Qc7 17. Qe1 Rab8 18. Qg3 Qd8 19. Nc1 Kh8 20. Ne2 d5 21. e5 Bh4
22. Qh2 Be7 23. d4 f6 24. Ng3 f5 25. Nh1 cxd4 26. cxd4 Nb6 27. Be2 Nc4 28. Bxc4
dxc4 29. Be3 Bd5 30. Nf2 b4 31. axb4 Bxb4 32. Nd1 Be4 33. Ra1 a5 34. Nc3 Bxc3
35. bxc3 Rb3 36. Bd2 Qd5 37. Qg3 Rfb8 38. Kh2 h6 39. Rg1 Rb2 40. Bc1 Rb1 41.
Ba3 Rxg1 42. Kxg1 Kh7 43. h4 Qd7 44. Kh2 Ra8 45. h5 Qf7 46. Qh4 Qe8 47. g4 fxg4
48. Qxg4 Bf5 49. Qf3 Rb8 50. Rg1 1/2-1/2

[Event "Offene Hessische Senioren Einzelmeisters"]
[Site "Bad Sooden- Allendorf"]
[Date "2013.04.28"]
[Round "9.82"]
[White "Rother, Wilfried"]
[Black "Schumacher, Ursula"]
[Result "1/2-1/2"]
[WhiteElo "1545"]
[BlackElo "1383"]
[PlyCount "56"]
[EventDate "2013.??.??"]
[WhiteTeam "SK 1950 Vellmar"]
[BlackTeam "HTC Bad Neuenahr"]

1. e4 c6 2. d4 d5 3. Nc3 dxe4 4. Nxe4 Bf5 5. Ng3 e6 6. Nf3 h6 7. Bd3 Ne7 8. O-O
Bxd3 9. Qxd3 Ng6 10. Re1 Be7 11. b3 O-O 12. Bb2 Nd7 13. Rad1 Qa5 14. Bc3 Bb4
15. Bxb4 Qxb4 16. c3 Qa5 17. Qc2 Rad8 18. h4 Nf4 19. b4 Qc7 20. c4 Rc8 21. a4
a6 22. Ne2 Nxe2+ 23. Rxe2 Rfe8 24. Rde1 Nf6 25. Ne5 h5 26. Qd2 Rcd8 27. c5 Rd5
28. Qf4 Ng4 1/2-1/2

[Event "Offene Hessische Senioren Einzelmeisters"]
[Site "Bad Sooden- Allendorf"]
[Date "2013.04.28"]
[Round "9.83"]
[White "Kage, August"]
[Black "Daebel, Dr. Hasso"]
[Result "0-1"]
[WhiteElo "1346"]
[BlackElo "1538"]
[PlyCount "70"]
[EventDate "2013.??.??"]
[WhiteTeam "ESV Rot-Weiß Göttingen"]
[BlackTeam "Drewer (Marl) SG"]

1. d4 d5 2. c4 dxc4 3. e4 Nc6 4. Be3 Nf6 5. Nc3 e6 6. Bxc4 Bb4 7. Qd3 a6 8. Nf3
b5 9. Bb3 Na5 10. Bd1 Bb7 11. O-O Bxc3 12. Qxc3 Nc4 13. e5 Nd5 14. Qc1 Ndxe3
15. fxe3 Be4 16. b3 Nb6 17. Qc3 O-O 18. Qe1 Nd5 19. Nd2 Bg6 20. Rf2 f6 21. Bg4
f5 22. Bf3 c6 23. Rc1 Rc8 24. Nf1 Qb6 25. Rd2 Rfd8 26. Kh1 c5 27. dxc5 Rxc5 28.
Rcd1 Rdc8 29. e4 fxe4 30. Bxe4 Bxe4 31. Qxe4 Nc3 32. Rd6 Qxd6 33. exd6 Nxe4 34.
d7 Rd8 35. h3 Nf2+ 0-1

[Event "Offene Hessische Senioren Einzelmeisters"]
[Site "Bad Sooden- Allendorf"]
[Date "2013.04.28"]
[Round "9.84"]
[White "Hespers, Rolf"]
[Black "Grasmik, Waldemar"]
[Result "0-1"]
[WhiteElo "1516"]
[BlackElo "1358"]
[Annotator ",Microsoft"]
[PlyCount "68"]
[EventDate "2013.??.??"]
[WhiteTeam "TuS Osterburg Weida"]
[BlackTeam "TSV 1876 Bad Kissingen"]

1. d4 d5 2. Nf3 Bf5 3. e3 a6 4. Bd3 Bg4 5. h3 Bh5 6. Nc3 e6 7. a3 c5 8. Bd2 Nc6
9. dxc5 Bxc5 10. g4 Bg6 11. Bxg6 hxg6 12. Qe2 b5 13. Na2 Nf6 14. Bc3 d4 15.
O-O-O Qb6 16. Nxd4 Nxd4 17. Bxd4 Bxd4 18. exd4 Qc6 19. Nb4 Qb7 20. Qe5 Kf8 21.
g5 Ng4 22. Qe1 Nxf2 23. Qxf2 a5 24. Nd3 b4 25. a4 Rc8 26. Nc5 Qd5 27. b3 Qxg5+
28. Kb1 Qd5 29. Rde1 Kg8 30. Rh2 Rh5 31. Qe3 Re8 32. Nd3 Rf5 33. Rf2 Rd8 34.
Rxf5 gxf5 {Rest nicht rekonstruierbar} 0-1

[Event "Offene Hessische Senioren Einzelmeisters"]
[Site "Bad Sooden- Allendorf"]
[Date "2013.04.28"]
[Round "9.85"]
[White "Minarsch, Hans"]
[Black "Lübbers, Dr. Doris"]
[Result "1-0"]
[WhiteElo "1512"]
[BlackElo "1335"]
[PlyCount "51"]
[EventDate "2013.??.??"]
[WhiteTeam "1.Hainstädter SC 1950"]
[BlackTeam "Sfr. Taunus Königstein/Schwalbac"]

1. e4 c5 2. c3 d6 3. d4 cxd4 4. cxd4 e6 5. Nc3 a6 6. Nf3 Nc6 7. Bd3 Nf6 8. Bg5
Be7 9. O-O O-O 10. Rc1 h6 11. Bh4 Nd7 12. Bg3 Nf6 13. Bf4 Nh7 14. Bb1 Bg5 15.
Nxg5 Nxg5 16. Be3 Qe7 17. f4 Nh7 18. a3 Bd7 19. Qd3 f5 20. d5 Nd8 21. Rfe1 Rf6
22. exf5 Rxf5 23. Bd4 Nf6 24. Qxf5 exf5 25. Rxe7 Nf7 26. Bxf6 1-0

[Event "Offene Hessische Senioren Einzelmeisters"]
[Site "Bad Sooden- Allendorf"]
[Date "2013.04.28"]
[Round "9.86"]
[White "Burkardt, Robert"]
[Black "Köllmer, Hans"]
[Result "0-1"]
[WhiteElo "1507"]
[BlackElo "1305"]
[PlyCount "111"]
[EventDate "2013.??.??"]
[WhiteTeam "SV 1926 Fechenheim"]
[BlackTeam "Sfr.Heidesheim"]

1. e4 e6 2. d4 d5 3. exd5 exd5 4. h3 Nf6 5. Nf3 b6 6. Bg5 Be7 7. Bd3 Ba6 8. O-O
Bxd3 9. Qxd3 O-O 10. Be3 Ne4 11. Nbd2 f5 12. Ne5 Qd6 13. f4 Nc6 14. c3 Rf6 15.
Nxe4 fxe4 16. Qe2 Raf8 17. g4 Rh6 18. Qg2 Rhf6 19. Qg3 g6 20. Rf2 g5 21. f5 Rh6
22. Kg2 Bf6 23. Nxc6 Qxc6 24. Rh1 Be7 25. Rff1 Bd6 26. Qf2 Be7 27. Qd2 Qf6 28.
Bf2 Bd6 29. Bg3 Bxg3 30. Kxg3 Qd6+ 31. Kg2 Qf6 32. Qe3 Re8 33. Re1 Kf7 34. Qg3
Re7 35. Re3 Qd6 36. Qxd6 Rxd6 37. h4 gxh4 38. Rxh4 h6 39. Kg3 Rf6 40. Kf4 Kg7
41. Rh2 a5 42. Reh3 Ref7 43. Rh5 c6 44. Ke3 Rf8 45. Rf2 Kg8 46. g5 Rxf5 47.
Rxf5 Rxf5 48. Rxh6 c5 49. dxc5 bxc5 50. Rc6 Rf3+ 51. Ke2 d4 52. Rxc5 d3+ 53.
Kd2 Rf2+ 54. Ke3 Re2+ 55. Kd4 d2 56. Rd5 0-1

[Event "Offene Hessische Senioren Einzelmeisters"]
[Site "Bad Sooden- Allendorf"]
[Date "2013.04.28"]
[Round "9.87"]
[White "Kynast, Reinhard"]
[Black "Garbe, Eckhard"]
[Result "1-0"]
[WhiteElo "1574"]
[BlackElo "1434"]
[PlyCount "51"]
[EventDate "2013.??.??"]
[WhiteTeam "Herforder SV Königsspr"]
[BlackTeam "SV Blau-Weiß Grevesmühlen"]

1. c4 c6 2. e4 d5 3. exd5 cxd5 4. d4 Nf6 5. Nc3 e6 6. Nf3 Nc6 7. Be2 h6 8. O-O
dxc4 9. Bxc4 Bd6 10. d5 Ne7 11. dxe6 Bxe6 12. Bxe6 fxe6 13. Qb3 Qd7 14. Rd1
Nfd5 15. Bd2 O-O 16. Ne4 b6 17. Re1 Rf7 18. Rad1 Raf8 19. Nd4 Qc7 20. Nxd6 Qxd6
21. Nxe6 Rc8 22. Bb4 Qc6 23. Bxe7 Nxe7 24. Nd8 Qc5 25. Qxf7+ Kh7 26. Ne6 1-0

[Event "Offene Hessische Senioren Einzelmeisters"]
[Site "Bad Sooden- Allendorf"]
[Date "2013.04.28"]
[Round "9.88"]
[White "Paulin, Dieter"]
[Black "Knobling, Rolf"]
[Result "1-0"]
[WhiteElo "1566"]
[BlackElo "1342"]
[Annotator ",Microsoft"]
[PlyCount "57"]
[EventDate "2013.??.??"]
[WhiteTeam "SK Dingelstädt 1921"]
[BlackTeam "USV Erfurt Abteilung Schach"]

1. d4 d5 2. c4 e6 3. Nc3 Nf6 4. Nf3 Nbd7 5. Bg5 Be7 6. e3 b6 7. Be2 Bb7 8. Bf4
a6 9. Rc1 c5 10. O-O O-O 11. cxd5 exd5 12. Qc2 Rc8 13. dxc5 Nxc5 14. Rfd1 b5
15. b4 Ne6 16. Qb1 Nxf4 17. exf4 Qd6 18. Rd4 Nd7 19. Bd3 g6 20. Bf1 Bf6 21. Rd3
Bxc3 22. Rcxc3 Rxc3 23. Rxc3 Qxf4 24. Re3 $11 Nf6 25. g3 Qd6 26. a3 Rc8 27. Nd4
Kg7 28. Qb2 Ng4 29. Nf5+ 1-0

[Event "Offene Hessische Senioren Einzelmeisters"]
[Site "Bad Sooden- Allendorf"]
[Date "2013.04.28"]
[Round "9.89"]
[White "Brahn, Helmut"]
[Black "Fister, Horst-Lothar"]
[Result "1-0"]
[WhiteElo "1547"]
[BlackElo "1301"]
[PlyCount "59"]
[EventDate "2013.??.??"]
[WhiteTeam "SG Springer Burghaun"]
[BlackTeam "SK Werther 1949 e.V."]

1. c4 Nf6 2. d4 e6 3. a3 g6 4. Nc3 Bg7 5. e4 O-O 6. Nf3 d5 7. cxd5 exd5 8. e5
Ne8 9. h3 c6 10. Be3 Nc7 11. Bd3 Ne6 12. O-O Nd7 13. Re1 a6 14. Rc1 f6 15. exf6
Nxf6 16. Qd2 Qc7 17. Bb1 Nh5 18. Nxd5 Qd6 19. Nb6 Rb8 20. Nxc8 Rbxc8 21. Ba2
Kh8 22. Bh6 Nef4 23. Bxg7+ Kxg7 24. b4 Nxh3+ 25. gxh3 Rxf3 26. Qe2 Rxh3 27.
Qe7+ Qxe7 28. Rxe7+ Kh6 29. Be6 Rxa3 30. Bxc8 1-0

[Event "Offene Hessische Senioren Einzelmeisters"]
[Site "Bad Sooden- Allendorf"]
[Date "2013.04.28"]
[Round "9.90"]
[White "Wieprecht, Gerhard"]
[Black "Noordijk, Ed"]
[Result "0-1"]
[WhiteElo "1639"]
[BlackElo "1782"]
[PlyCount "56"]
[EventDate "2013.??.??"]
[WhiteTeam "SV CAISSA e. V. Kassel"]
[BlackTeam "S.C. Oegstgeest '80"]

1. e4 d6 2. d4 Nf6 3. Nc3 Nbd7 4. Nf3 e5 5. Bc4 h6 6. O-O Be7 7. Be3 c6 8. a3
Qc7 9. h3 g5 10. g4 Nf8 11. d5 Ng6 12. dxc6 bxc6 13. Be2 Nf4 14. Bxf4 gxf4 15.
Nh2 Nh7 16. Re1 Rg8 17. Kh1 Qb6 18. f3 Qxb2 19. Qd2 Qb8 20. Rab1 Qc7 21. Rg1
Bh4 22. Bf1 Ng5 23. Rd1 Ke7 24. Qd3 Bf2 25. Qc4 Be6 26. Nd5+ Bxd5 27. Rxd5 Bxg1
28. Kxg1 Qb6+ 0-1

[Event "Offene Hessische Senioren Einzelmeisters"]
[Site "Bad Sooden- Allendorf"]
[Date "2013.04.28"]
[Round "9.91"]
[White "Hegner, Peter"]
[Black "Semisch, Helga"]
[Result "1-0"]
[WhiteElo "1521"]
[BlackElo "1256"]
[Annotator ",Microsoft"]
[PlyCount "77"]
[EventDate "2013.??.??"]
[WhiteTeam "SC Bad Soden"]
[BlackTeam "SV Schmalkalden 04"]

1. e4 d6 2. d4 a6 3. f4 Nd7 4. Nc3 b6 5. Bc4 Bb7 6. Nf3 Ngf6 7. Ng5 e6 8. d5 e5
9. O-O h6 10. Nh3 Nc5 11. fxe5 dxe5 12. b4 Ncxe4 13. Nxe4 Nxe4 14. Qd3 Nd6 15.
Bb3 e4 16. Qe2 g6 17. Bb2 Rg8 18. Bf6 Be7 19. Be5 f5 20. Nf4 Qd7 $11 21. c4 Nf7
22. Bc3 Bg5 23. Ne6 Be7 24. Rfd1 Bd6 25. c5 Qb5 26. Qxb5+ axb5 27. cxd6 Nxd6
28. Nxc7+ Kd7 29. Nxa8 Bxa8 30. a4 Bb7 31. a5 Nc8 32. a6 Ba8 33. Be5 g5 34.
Rac1 f4 35. Rc7+ Kd8 36. d6 Re8 37. Bf6+ Ne7 38. Bxe7+ Rxe7 39. Rxe7 1-0

[Event "Offene Hessische Senioren Einzelmeisters"]
[Site "Bad Sooden- Allendorf"]
[Date "2013.04.28"]
[Round "9.92"]
[White "Ludwig, Richard"]
[Black "Hielscher, Klaus"]
[Result "0-1"]
[WhiteElo "1451"]
[BlackElo "1519"]
[Annotator ",Microsoft"]
[PlyCount "75"]
[EventDate "2013.??.??"]
[WhiteTeam "SV Irxleben von 1919"]
[BlackTeam "Braunschweiger SF"]

1. e4 c5 2. c3 Nf6 3. e5 Nd5 4. d4 cxd4 5. Nf3 e6 6. cxd4 b6 7. Nc3 Bb7 8. Nxd5
Bxd5 9. Be2 Be7 10. a3 a6 11. O-O O-O 12. Be3 d6 13. Rc1 Nd7 14. Bf4 dxe5 15.
Nxe5 Nb8 16. Nf3 Nc6 17. Ne5 Na7 18. Be3 f6 19. Nf3 b5 20. b4 Nc8 21. Nd2 Nb6
22. Bf3 Rc8 23. Bxd5 Nxd5 24. Ne4 Nxe3 25. fxe3 f5 26. Nc5 Rc6 27. Qb3 Qc8 28.
Rfd1 Rd8 29. Nd3 Rc4 30. Qb2 Bg5 31. Qe2 Qc7 32. Ra1 Qe7 33. Kh1 g6 34. Qf3 Kg7
35. e4 Qc7 36. e5 Rc6 37. g3 Be7 38. Rac1 {fehlende Notation} 0-1